| 000 | nam a22 a 4500 | ||
|---|---|---|---|
| 999 |
_c3347 _d3347 |
||
| 005 | 20170524124230.0 | ||
| 008 | 170522s2012 my ||||| |||| 00| 0 may d | ||
| 040 | _aAKMAL | ||
| 082 | _a352.448595 JKDM | ||
| 090 |
_a352.448595 _bJKDM |
||
| 245 | 1 | 0 |
_aLaporan Pelaksanaan Program Transformasi Kastam (Projek T-15) : _bTahun 2012 ( suku tahun ketiga) / _cJabatan Kastam Diraja Malaysia. |
| 260 |
_aPutrajaya; _bJabatan Kastam Diraja Malaysia, _c2012 |
||
| 300 |
_a40mukasurat; _bIllustrasi berwarna ; _c25cm |
||
| 650 | 1 | 0 |
_aCustoms Administration _zMalaysia _9491 |
| 650 | 2 | 0 |
_aCustoms _vTransformation programme _zMalaysia _96784 |
| 710 | 1 | 0 |
_aJabatan Kastam Diraja Malaysia, _bBahagian Perancangan Korporat. _96751 |
| 942 |
_2ddc _cBOOK |
||
| 950 | _lAKMAL | ||